Benefity firemného dobrovoľníctva

Rôzne aspekty dobrovoľníctva. Postavenie dobrovoľníctva v spoločnosti, firemné dobrovoľníctvo a jeho využitie pre potreby podnikového manažmentu. Štúdie a prieskumy poukazujú na hodnotu, ktorú vytvára dobrovoľníctvo, má vhodný charakter na zlepšenie pozície podniku na trhu. Je dôležité identifikovať...

Full description

Saved in:
Bibliographic Details
Main Author: Rajčáni, Branislav
Format: Book Chapter
Language:Slovak
Subjects:
Tags: Add Tag
No Tags, Be the first to tag this record!

MARC

LEADER 00000nla$a2200000$$$4500
001 0110454
005 20240502083256.3
041 0 |a slo 
044 |a CZ 
245 1 0 |a Benefity firemného dobrovoľníctva  |c Branislav Rajčáni 
520 |a Rôzne aspekty dobrovoľníctva. Postavenie dobrovoľníctva v spoločnosti, firemné dobrovoľníctvo a jeho využitie pre potreby podnikového manažmentu. Štúdie a prieskumy poukazujú na hodnotu, ktorú vytvára dobrovoľníctvo, má vhodný charakter na zlepšenie pozície podniku na trhu. Je dôležité identifikovať dobrovoľníctvo a potenciál firemného dobrovoľníctva a jeho prínosu pre zlepšenie a stabilizáciu podniku. Úspešné začlenenie programov firemného dobrovoľníctva môže priniesť želané benefity, využiteľné pre rast efektívnosti riadenia podniku. 
610 2 0 |a dobrovoľníctvo 
610 2 0 |a firmy 
610 2 0 |a spoločnosť 
610 2 0 |a hodnota pridaná 
610 2 0 |a riadenie podnikové 
610 2 0 |a efektívnosť 
100 1 |a Rajčáni, Branislav